000 00922cam a2200277 i 4500
001 26147
003 Mx-PuUPA
005 20240208084550.0
008 140415s1998 mx a gr 000 0 spa d
040 _cMx-PuUPA
_aMx-PuUPA
_bspa
_dMx-PuUPA
_erda
041 0 _aspa
100 1 _aSentíes R., Horacio,
_d1941-
_915294
_eautor
245 1 0 _aGenealogía del beato Juan Diego /
_cHoracio Senties Rodríguez
250 _aPrimera edición
264 1 _aMéxico, D. F. :
_bEditorial Tradición,
_c1998
300 _a118 páginas :
_bilustraciones (en blanco y negro) ;
_c21 cm
336 _2rdacontent
_atexto
_btxt
337 _2rdamedia
_asin medio
_bn
338 _2rdacarrier
_avolumen
_bnc
600 1 _aDiego, Juan,
_d1474-1548,
_xGenealogía
650 7 _2armarc
_aGenealogía
_xBeato Juan Diego
942 _2ddc
_cLI
_h929.1
_iD555
999 _c26147
_d26147